000 00783nam a22002537a 4500
003 JO-AjAnu
005 20231129125059.0
008 231129b jo ||||| |||| 00| 0 ara d
022 _29781119628057(hard)
022 _29781119628149(pub)
022 _2978119682141(pdf)
040 _aJO-AjAnu
_bENG
_cJO-AjAnu
041 _aENG
100 1 _aRobinson, Thomas R
_964544
245 0 0 _ainternational Financial Statement Analysis /
_cThomas R,Robinson, Elaine Henry, Michael, Broihahn
250 _afourth edition
260 _aNew jersy :
_bWiley,
_c2020
300 _a976pages
490 _aCFA INSTITUTE INVESTMENT SERIES
650 7 0 _astatement
_964546
700 _aHenry, Elaine
_964548
_eauthor
700 1 _aBroihahn, Michael A
_964549
_eauthor
942 _2lcc
_cBK
_n0
999 _c33197
_d33197